| 000 | 02359cab a2200301 a 4500 | ||
|---|---|---|---|
| 005 | 20230111121200.0 | ||
| 008 | 991125c2019 ck fr p o 000 0 spa d | ||
| 035 | _aUPN01000235922 | ||
| 040 |
_aMX-MxUPN _bspa _eaacr2 _cMX-MxUPN |
||
| 049 | _aART-E | ||
| 100 | 1 |
_aRodríguez López, Amanda _947556 |
|
| 100 | 1 |
_aRico Díaz, Diana _947559 |
|
| 100 | 1 | _aMontero Meneses, Olga Lucía | |
| 100 | 1 |
_aRubio León, Ángel Manuel _947578 |
|
| 245 | 0 | 0 |
_aRelación del consumo de alcohol y el monitoreo parental con el inicio de las relaciones sexuales de los adolescentes escolarizados de Colombia _h[recurso electrónico en línea] |
| 506 | 0 | _aAcceso abierto | |
| 520 | 3 | _aEl objetivo del presente estudio es evaluar si existe relación del consumo de alcohol y el monitoreo parental con el inicio de las relaciones sexuales de los adolescentes. Se buscó identificar la relación entre el inicio sexual y el consumo de alcohol, la relación entre el inicio sexual y el monitoreo parental, y, finalmente, comparar los resultados del monitoreo parental según la percepción de los padres y de los hijos. Se toma una muestra de 1916 estudiantes y 570 padres. El diseño metodológico es de tipo descriptivo-correlacional, transversal, y se analiza por medio de la herramienta spss v.22. Los resultados indican que existe una relación entre el inicio de la vida sexual, el consumo de alcohol y el bajo nivel de monitoreo. La percepción del monitoreo ejercido por los padres en cuanto al paradero, las actividades y las relaciones de los hijos es similar en los dos grupos (adolescentes y padres). Los resultados permiten concluir la necesidad de planeación y ejecución de programas de prevención del consumo de alcohol y del inicio temprano de la actividad sexual en adolescentes, lo cual promueva la participación de la familia en consideración al monitoreo parental como factor protecto | |
| 650 | 0 |
_aAdolescentes _91014 |
|
| 653 | 0 | _aCONSUMO DE ALCOHOL | |
| 653 | 0 | _aRELACIONES SEXUALES | |
| 653 | 0 | _aPARTICIPACION FAMILIAR | |
| 773 |
_gVol. 12, no. 1 (2019) p. 95-106 _tAcademia y virtualidad _x2011-0731 |
||
| 856 | 4 | _uhttps://revistas.unimilitar.edu.co/index.php/ravi/article/view/4338/3628 | |
| 856 | 4 |
_uhttps://doi.org/10.18359/ravi.4338 _zConsultar articulo completo |
|
| 905 | _aArticulo | ||
| 942 | _cART-E | ||
| 999 |
_c208017 _d208017 |
||